Análisis para mejorar el servicio de nuevas asesorías empresariales en la Dirección de Desarrollo a la Comunidad (DECAT) del Colegio Universitario de Cartago (Registro nro. 8305)
[ vista simple ]
| 000 -LEADER | |
|---|---|
| fixed length control field | 00678nmm a22002057a 4500 |
| 005 - DATE AND TIME OF LATEST TRANSACTION | |
| control field | 20160622135753.0 |
| 008 - FIXED-LENGTH DATA ELEMENTS--GENERAL INFORMATION | |
| fixed length control field | 150618b xxu||||| |||| 00| 0 spa d |
| 041 ## - LANGUAGE CODE | |
| Language code of text/sound track or separate title | spa |
| 082 ## - DEWEY DECIMAL CLASSIFICATION NUMBER | |
| Classification number | DE 106 |
| 100 ## - MAIN ENTRY--AUTHOR NAME | |
| Personal name | Campos Sánchez, Yuleisi |
| 245 ## - TITLE STATEMENT | |
| Title | Análisis para mejorar el servicio de nuevas asesorías empresariales en la Dirección de Desarrollo a la Comunidad (DECAT) del Colegio Universitario de Cartago |
| 260 ## - PUBLICATION, DISTRIBUTION, ETC. (IMPRINT) | |
| Year of publication | 2015 |
| 300 ## - PHYSICAL DESCRIPTION | |
| Number of Pages | 75 páginas |
| 650 ## - SUBJECT ADDED ENTRY--TOPICAL TERM | |
| Topical Term | COSTA RICA |
| 650 ## - SUBJECT ADDED ENTRY--TOPICAL TERM | |
| Topical Term | DIRECCIÓN DE EMPRESAS |
| 650 ## - SUBJECT ADDED ENTRY--TOPICAL TERM | |
| Topical Term | DECAT |
| 650 ## - SUBJECT ADDED ENTRY--TOPICAL TERM | |
| Topical Term | ASESORÍA EMPRESARIAL |
| 650 ## - SUBJECT ADDED ENTRY--TOPICAL TERM | |
| Topical Term | COLEGIO UNIVERSITARIO DE CARTAGO |
| 942 ## - ADDED ENTRY ELEMENTS (KOHA) | |
| Tipo de ítem | Informe de Práctica |
| Withdrawn status | Estado | Estado físico | Not for loan | Precio de compra | Total Checkouts | Clasificación | Número de inscripción | Date last seen | Price effective from | Tipo de ítem |
|---|---|---|---|---|---|---|---|---|---|---|
| 62720.00 | DE 106 | DE106 | 22/06/2016 | 22/06/2016 | Informe de Práctica |